राज्य प्रशासन / (Record no. 64513)

MARC details
000 -LEADER
fixed length control field 00790nam a22001817a 4500
005 - DATE AND TIME OF LATEST TRANSACTION
control field 20120329122750.0
020 ## - INTERNATIONAL STANDARD BOOK NUMBER
Terms of availability 300.00
International Standard Book Number 8186803351
035 ## - SYSTEM CONTROL NUMBER
System control number A-968302
037 ## - SOURCE OF ACQUISITION
Source of stock number/acquisition
Stock number dpl
082 ## - DEWEY DECIMAL CLASSIFICATION NUMBER
Classification number 321.095442
100 ## - MAIN ENTRY--PERSONAL NAME
Personal name कटारिया, सुरेन्द्र
245 1# - TITLE STATEMENT
Title राज्य प्रशासन /
Statement of responsibility, etc सुरेन्द्र कटारिया
260 ## - PUBLICATION, DISTRIBUTION, ETC. (IMPRINT)
Place of publication, distribution, etc जयपुर
Name of publisher, distributor, etc मलिक एण्ड कम्पनी
Date of publication, distribution, etc 1999
270 ## - ADDRESS
Address
City
Postal code
Telephone number
300 ## - PHYSICAL DESCRIPTION
Extent 321पृ.
Dimensions 22सेमी (सजिल्द)
942 ## - ADDED ENTRY ELEMENTS (KOHA)
Institution code [OBSOLETE] dpl
Item type Hindi Books
Call number prefix
Source of classification or shelving scheme Dewey Decimal Classification
Classification part 321.095442
Call number suffix कटारि
Holdings
Withdrawn status Lost status Not for loan Collection code Home library Current library Date acquired Cost, normal purchase price Full call number Barcode Cost, replacement price Koha item type
      Non-fiction Sarojini Nagar Sarojini Nagar 29/03/2012 300.00 321.095442 कटारि A-968302 300.00 Hindi Books

© Delhi Public Library
Hit Counter
free hit counter